Chants democratic (Record no. 11933)
[ view plain ]
| 000 -LEADER | |
|---|---|
| fixed length control field | 01322nam a2200325 a 4500 |
| 082 04 - DEWEY DECIMAL CLASSIFICATION NUMBER | |
| Classification number | 305.5/62/09747109034 |
| 100 1# - MAIN ENTRY--AUTHOR NAME | |
| Personal name | Wilentz, Sean. |
| 245 10 - TITLE STATEMENT | |
| Title | Chants democratic |
| 250 ## - EDITION STATEMENT | |
| Edition statement | 20th anniversary ed. |
| 260 ## - PUBLICATION, DISTRIBUTION, ETC. (IMPRINT) | |
| Place of publication | London, UK ; |
| -- | New York : |
| Name of publisher | Oxford University Press, |
| Year of publication | 2004. |
| 300 ## - PHYSICAL DESCRIPTION | |
| Number of Pages | xx, 446 p. : |
| Other physical details | ill., maps. |
| 650 #0 - SUBJECT ADDED ENTRY--TOPICAL TERM | |
| Topical Term | Working class |
| 856 40 - ELECTRONIC LOCATION AND ACCESS | |
| Uniform Resource Identifier | http://site.ebrary.com/lib/rucke/Doc?id=10263650 |
No items available.
